header

Podcasting for profit (Record no. 114498)

MARC details
000 -LEADER
fixed length control field 01243nam a2200313Ia 4500
082 04 - DEWEY DECIMAL CLASSIFICATION NUMBER
Classification number 006.7/876
100 1# - MAIN ENTRY--AUTHOR NAME
Personal name Barnes, Leesa.
245 10 - TITLE STATEMENT
Title Podcasting for profit
260 ## - PUBLICATION, DISTRIBUTION, ETC. (IMPRINT)
Place of publication Gulf Breeze, FL :
Name of publisher Maximum Press,
Year of publication 2008.
300 ## - PHYSICAL DESCRIPTION
Number of Pages xxix, 342 p.
650 #0 - SUBJECT ADDED ENTRY--TOPICAL TERM
Topical Term Webcasting.
Topical Term Podcasting.
Topical Term Marketing.
856 40 - ELECTRONIC LOCATION AND ACCESS
Uniform Resource Identifier http://site.ebrary.com/lib/rucke/Doc?id=10194051

No items available.

© 2026 Rongo University
Contact us: librarian | system librarian | Rongo university